| 000 | 01228cam a22003497a 4500 | ||
|---|---|---|---|
| 003 | CHAP | ||
| 005 | 20250903062748.0 | ||
| 008 | 990614d1999 mx r 00110 spa d | ||
| 010 | _a78228 | ||
| 011 | _a79200 | ||
| 035 | _a89370 | ||
| 040 | _cCHAP | ||
| 090 | _aTesis | ||
| 100 | 0 | 0 |
_aCarro Gusmán, Noel. _919577 |
| 245 | 1 | 0 |
_aTasas de degradación y digestibilidad de tres variedades de alfalfa (Medicago sativa L.) _c/por Noel Carro Gusmán |
| 260 |
_aChapingo, Méx. : _bEl autor, _c1999. |
||
| 300 |
_a42 h. : _bcuadros |
||
| 502 | _aTesis (Ing. Agr. Esp. en Zootecnia) -- UACH. Departamento de Zootecnia | ||
| 590 |
_aALEPH _b10 _c20130110 _lUCH01 _h1429 |
||
| 590 |
_aBATCH-UPD _b10 _c20130110 _lUCH01 _h1309 |
||
| 590 |
_aBATCH-UPD _b10 _c20130410 _lUCH01 _h0824 |
||
| 590 |
_aBATCH-UPD _b10 _c20130914 _lUCH01 _h2149 |
||
| 590 |
_aCONVERSION _b10 _c20130109 _lUCH01 _h1343 |
||
| 650 | 1 | 4 |
_aAlfalfa _xVariedades. _93893 |
| 650 | 1 | 7 |
_aForrajes _xDigestibilidad _2 _942568 |
| 901 | _aBK | ||
| 905 | _aGuadalupe Pinto C. | ||
| 942 | _cFOLL | ||
| 949 |
_bBC _cTES _d33724000714689 _eTS2 _fc.2 _h34062 _i89370 _sb |
||
| 949 |
_bBC _cTES _d33724000758611 _eTS2 _fc.3 _h35522 _i89370 _sb |
||
| 949 |
_bBC _cTES _d893701 _eTS1 _h34061 _i89370 _sb |
||
| 999 |
_c78228 _d78228 |
||